Normal view
MARC view
- Ekse, Martin
Entry Personal Name
001 - CONTROL NUMBER
- control field: 7636
003 - CONTROL NUMBER IDENTIFIER
- control field: OSt
005 - DATE AND TIME OF LATEST TRANSACTION
- control field: 20250731161402.0
008 - FIXED-LENGTH DATA ELEMENTS
- fixed length control field: 250731|| aca||aabn | a|a d
040 ## - CATALOGING SOURCE
- Original cataloging agency: OSt
- Transcribing agency: OSt
100 ## - HEADING--PERSONAL NAME
- Personal name: Ekse, Martin
670 ## - SOURCE DATA FOUND
- Source citation: Work cat.: (OSt)11082: Hennes, Robert G . 7635, Fundamentals of transporation engineering / , 1955.
